Missing Word: February Days Quiz Stats

Quiz Updated Feb 29, 2016

Challenge
Share
Tweet
Embed
Score 0/29 Timer 05:00
0 Plays Today
Holiday Word % Correct
_____ Lanka Independence DaySri
95%
Madly in _____ With Me DayLove
95%
Don't _____ Over Spilled Milk DayCry
94.3%
Random Acts of _____ DayKindness
93.9%
For Pete's _____ DaySake
92.4%
_____ and Turf DaySurf
91.3%
Canadian Maple _____ DaySyrup
89.7%
G.I. _____ DayJoe
89.4%
_____ New YearChinese
89.4%
Susan B. _____ DayAnthony
88.5%
The Day the Music _____Died
87.7%
Girl Scout _____ DayCookie
87.1%
Super _____ SundayBowl
84.3%
_____ Jima DayIwo
83.3%
Academy _____ CeremonyAwards
81%
Holiday Word % Correct
National Cherry _____ DayPie
75.1%
Ayn _____ DayRand
74.3%
Do a Grouch a _____ DayFavor
73.7%
National Trading _____ DayCard
67.9%
All the News That's Fit to _____ DayPrint
65.7%
National Plum _____ DayPudding
65.4%
Walking the _____ DayDog
65.4%
League of Women _____ DayVoters
63.1%
Eat Ice Cream for _____ DayBreakfast
63%
National Clam _____ DayChowder
59.9%
World _____ Swallowers DaySword
55.6%
Shrove _____Tuesday
55%
National Sticky _____ DayBun
42.3%
Diesel _____ DayEngine
38.6%

Today's Daily Dose

You're not logged in!

Compare scores with friends on all Sporcle quizzes.
Sign Up with Email
OR
Log In

You Might Also Like...

Show Comments

Extras

Top Quizzes Today


Score Distribution

Your Account Isn't Verified!

In order to create a playlist on Sporcle, you need to verify the email address you used during registration. Go to your Sporcle Settings to finish the process.